000 00687nam a22002057a 4500
005 20250930120717.0
010 _aENG-146901
020 _a9789358706994
_c200.00
035 _aEN-130433
037 _bDBAD
082 _21
_a004.1
100 _aRoy, Nikhil Ranjan
_985305
245 _aIntroductory Quantum Computing:
_bA Practical Approach Using Python/
_cNikhil Ranjan Roy [and] Kuntal Mukherjee
250 _a1
260 _aUttar Pradesh
_bS. Chand Publishing
_c2025
270 _aD-92, Sector-2, Noida
_bUttar Pradesh
_e201301
_k61-120-4682700
300 _a151p.
_c24cm(pb)
700 _aMukherjee, Kuntal
_eAuthor
_985306
942 _2ddc
_cEN
_h004.1
_mROY
999 _c213527
_d213527